• 首页
  • 本馆介绍
  • 公告通知
  • 最新文献
  • 馆藏检索
  • 电子资源
  • 读者荐购
  • 参考咨询
  • CALIS
  • 我的图书馆
  • 登录
  • 详细信息显示
  • 放入我的书架
  • 预约/预借图书
  • 作者相关作品
  • 分类相关作品
  • 丛书相关作品
  • 出版社相关作品

书目信息

  • 表格格式
  • 工作单格式
  • 卡片格式
题名:
全国勘探设计注册公用设备工程师给水排水专业考试真题详解 (2012-2013)
    
 
作者: 王小雪 , 宋小三 , 未碧贵 主编
分册:  
出版信息: 北京   中国建筑工业出版社  2014.04
页数: 242页
开本: 26cm
丛书名: 执业资格考试丛书
单 册:
中图分类: TU991-44
科图分类:
主题词: 给排水系统--gei pai shui xi tong--资格考试--题解
电子资源:
ISBN: 978-7-112-16464-6
 
 
 
 
 
000 01208nam 2200289 450
001 CAL 0120141273477
005 20150814120528.62
010    @a978-7-112-16464-6@dCNY40.00
100    @a20140414d2014 em y0chiy50 ea
101 0  @achi
102    @aCN@b110000
105    @aa q 000yy
106    @ar
200 1  @a全国勘探设计注册公用设备工程师给水排水专业考试真题详解 (2012-2013)@Aquan guo kan tan she ji zhu ce gong yong she bei gong cheng shi gei shui pai shui zhuan ye kao shi zhen ti xiang jie ( 2012-2013 )@f未碧贵, 王小雪, 宋小三主编
210    @a北京@c中国建筑工业出版社@d2014.04
215    @a242页@c图@d26cm
225 2  @a执业资格考试丛书@Azhi ye zi ge kao shi cong shu@e2014
330    @a本书整理了2012年和2013年全国勘察设计注册公用设备工程师给水排水工程专业的专业考试试题, 包括专业知识和专业案例。书中对专业知识给出了答案和详细分析等。
410  0 @12001 @a执业资格考试丛书 (2014)
586    @a
606 0  @a给排水系统@Agei pai shui xi tong@x资格考试@j题解
690    @aTU991-44@v5
701  0 @a王小雪@Awang xiao xue@4主编
701  0 @a宋小三@Asong xiao san@4主编
701  0 @a未碧贵@Awei bi gui@4主编
801  0 @aCN@c20150820
905    @a河南城建学院图书馆@dTU991-44@eW5671@f3
    
    全国勘探设计注册公用设备工程师给水排水专业考试真题详解 (2012-2013)/未碧贵, 王小雪, 宋小三主编.-北京:中国建筑工业出版社,2014.04
    242页:图;26cm.-(执业资格考试丛书:2014)
    
    
    ISBN 978-7-112-16464-6:CNY40.00
    本书整理了2012年和2013年全国勘察设计注册公用设备工程师给水排水工程专业的专业考试试题, 包括专业知识和专业案例。书中对专业知识给出了答案和详细分析等。
●
相关链接 在E读中查询图书 在当当中查询图书 在豆瓣中查询图书


正题名:全国勘探设计注册公用设备工程师给水排水专     索取号:TU991-44/W5671         预约/预借

序号 登录号 条形码 馆藏地/架位号 状态 备注
1 1164770   211647707   市政与环境工程学院资料室/201建筑库 130排2列4层/ [索取号:TU991-44/W5671] 在馆    
2 1164771   211647716   市政与环境工程学院资料室/201建筑库 130排2列4层/ [索取号:TU991-44/W5671] 在馆    
3 1164772   211647725   建筑库201/201建筑库 128排1列1层/ [索取号:TU991-44/W5671] 在馆    
河南城建学院图书馆 欢迎您!
大连网信软件有限公司© 版权所有